Clicca il film Disney in base alla Canzone #1 - Statistics

Statistiche generali
  • Questo quiz è stato fatto 3.951 volte
  • Il punteggio medio è 14 su 25
Statistiche sulle risposte
Hint Risposta % Corretto
Il principe Ali 1. Aladdin
89%
Facciamo un pupazzo insieme? 2. Frozen
87%
Notti d'Oriente 1. Aladdin
84%
Hakuna Matata 6. Il Re Leone
81%
Sarò re 6. Il Re Leone
81%
La vita dei pirati 4. Peter Pan
79%
Voglio diventare presto un re 6. Il Re Leone
79%
Il cerchio della vita 6. Il Re Leone
72%
Lo splendente Tamatoa 3. Oceania
69%
Lo stretto indispensabile 5. Il Libro della Giungla
66%
Il mondo è mio 1. Aladdin
65%
All'alba sorgerò 2. Frozen
64%
Vola e va'! 4. Peter Pan
63%
Tranquilla! 3. Oceania
59%
Sognando l'estate 2. Frozen
52%
Oltre l’orizzonte 3. Oceania
52%
Oggi, per la prima volta 2. Frozen
47%
La leggenda del coccodrillo 4. Peter Pan
41%
L'amore è nell'aria stasera 6. Il Re Leone
40%
Voglio essere come te 5. Il Libro della Giungla
35%
Perché è rosso l'uomo rosso? 4. Peter Pan
32%
La mia occasione 2. Frozen
31%
Un amico come me 1. Aladdin
29%
Spera in me 5. Il Libro della Giungla
20%
La mia vera storia 1. Aladdin
18%
Nessun quiz corrispondente trovato
Distribuzione punteggi
Percentuale di utenti per punteggio
Percentile per numero di risposta
I tuoi punteggi nel tempo
Non hai fatto questo quiz